000 00545nam a2200217Ia 4500
003 OSt
005 20220918231527.0
006 a|||||r|||| 00| 0
007 ta
008 220917b |||||||| |||| 00| 0 eng d
024 _a304,170
037 _cTextual
040 _aARTS
_cARTS
_beng
041 _2eng
_aeng
082 _aO1591,1NDEx, K9.1-.2
245 0 _aBalabhadra granthabali
260 _c1969
650 _aORIYA LITERATURE
_927692
942 _hO1591,1NDEx, K9.1-.2
_cTEXL
_2CC
999 _c291537
_d291537